|
|
|
|
| LEADER |
01107nam a22002897a 4500 |
| 001 |
37833 |
| 003 |
BD-DhAAL |
| 008 |
220227r20052003ii a|||| |||| 00| 0 eng d |
| 999 |
|
|
|c 43591
|d 43591
|
| 020 |
|
|
|a 8121922208
|
| 040 |
|
|
|a BD-DhAAL
|
| 082 |
|
|
|a 001.42
|2 23
|
| 245 |
|
|
|a Research methodology :
|b (for students of Social Sciences) /
|c R. Cauvery... [et al.].
|
| 260 |
|
|
|a New Delhi :
|b S. Chand & Co. Ltd.,
|c c2003 [reprinted 2005].
|
| 300 |
|
|
|a viii, 216 pages :
|b illustrations ;
|c 22 cm.
|
| 526 |
|
|
|a BIED
|
| 541 |
|
|
|a Complimentary copy from BIED
|
| 650 |
|
|
|a Research
|x Methodology.
|9 46106
|
| 650 |
|
|
|a Research.
|9 46107
|
| 650 |
|
|
|a Social sciences
|x Research.
|9 46108
|
| 700 |
|
|
|a Cauvery, R.
|9 46109
|
| 700 |
|
|
|a Nayak, U. K. Sudha
|9 46110
|
| 700 |
|
|
|a Girija, M.
|9 46111
|
| 700 |
|
|
|a Meenakshi, R.
|9 46112
|
| 852 |
|
|
|a Ayesha Abed Library
|c BIED Collection
|
| 942 |
|
|
|2 ddc
|c BK
|
| 952 |
|
|
|0 0
|1 0
|2 ddc
|4 0
|6 001_420000000000000_RES
|7 0
|9 69906
|a BRACUL
|b BRACUL
|c GEN
|d 2022-02-27
|e Complimentary copy from BIED
|l 0
|o 001.42 RES
|p 3010037833
|r 2022-02-27
|t 1
|w 2022-02-27
|y BK
|x Transferred from BIED to General Stacks
|